• 首页
  • 本馆介绍
  • 公告通知
  • 最新文献
  • 馆藏检索
  • 电子资源
  • 读者导购
  • 参考咨询
  • 我的图书馆
  • 登录
  • 详细信息显示
  • 放入我的书架
  • 预约/预借图书
  • 作者相关作品
  • 分类相关作品
  • 丛书相关作品
  • 出版社相关作品

书目信息

  • 表格格式
  • 工作单格式
  • 卡片格式
题名:
虚空
    
 
作者: 克洛斯 著 ;羊奕伟 译
分册:  
出版信息: 重庆   重庆大学出版社  2016
页数: 172页
开本: 21cm
丛书名:
单 册:
中图分类: P159.3
科图分类:
主题词: 宇宙--起源--研究
电子资源:
ISBN: 978-7-5624-9694-6
000 00820nam0 2200253 450
001 453
005 20180520214517.24
010    @a978-7-5624-9694-6@dCNY29.00
100    @a20160826d2016 em y0chiy50 ea
101 1  @achi@ceng
102    @aCN@b500000
105    @ay z 000yy
200 1  @a虚空@9xu kong@e宇宙源起何处@dThe void@f(英)弗兰克·克洛斯(Frank Close)著@g羊奕伟译@zeng
210    @a重庆@c重庆大学出版社@d2016
215    @a172页@d21cm
300    @a懒蚂蚁微百科系列
330    @a该书共9部分,内容包括:“庸人自扰”、“原子内部何其空旷”、“空间”、“波在何处”等。
510 1  @aVoid@zeng
606 0  @a宇宙@x起源@x研究
690    @aP159.3@v5
701  0 @c(英)@a克洛斯@9ke luo si@c(Close, Frank)@4著
702  0 @a羊奕伟@9yang yi wei@4译
801  0 @aCN@b91MARC@c20160826
905    @aMuseLib@dP159.3@e207
    
    虚空:宇宙源起何处=The void/(英)弗兰克·克洛斯(Frank Close)著/羊奕伟译.-重庆:重庆大学出版社,2016
    172页;21cm
    懒蚂蚁微百科系列
    
    ISBN 978-7-5624-9694-6:CNY29.00
    该书共9部分,内容包括:“庸人自扰”、“原子内部何其空旷”、“空间”、“波在何处”等。
●
相关链接 在E读中查询图书 在五车中查询图书 在当当中查询图书 在豆瓣中查询图书


正题名:虚空     索取号:P159.3/207         预约/预借

序号 登录号 条形码 馆藏地/架位号 状态 备注
1 1102656   211026566   第二样本阅览室/ [索取号:P159.3/207] 在馆    
2 1102657   211026575   教育系资料室/ [索取号:P159.3/207] 在馆    
3 1102658   211026584   教育系资料室/ [索取号:P159.3/207] 在馆    
4 1102659   211026593   教育系资料室/ [索取号:P159.3/207] 在馆    
5 1102660   211026600   第三借阅区/ [索取号:P159.3/207] 在馆    
6 1102661   211026619   第三借阅区/ [索取号:P159.3/207] 在馆    
唐山师范学院图书馆 欢迎您!
大连网信软件有限公司© 版权所有